Byrokracia v organizácii – jej minulosť, súčasnosť a budúcnosť

V byrokraticky riadenej spoločnosti, ktorú dnes označujeme aj za tradičnú, je komunikácia vedená smerom zhora nadol, je v nej vysoká miera formalizácie, vysoký stupeň kontroly, využíva štandardizované postupy a metódy na realizáciu pracovného výkonu a nachádza sa v akejkoľvek strednej či väčšej firm...

ver descrição completa

Na minha lista:
Detalhes bibliográficos
Autor principal: Skorková, Zuzana, 1979-
Formato: Capítulo de Livro
Idioma:eslovaco
Assuntos:
Tags: Adicionar Tag
Sem tags, seja o primeiro a adicionar uma tag!

MARC

LEADER 00000nla a2200000 4500
001 0237927
005 20240502073840.2
041 0 |a slo 
044 |a SK 
245 1 0 |a Byrokracia v organizácii – jej minulosť, súčasnosť a budúcnosť  |c Zuzana Skorková 
520 |a V byrokraticky riadenej spoločnosti, ktorú dnes označujeme aj za tradičnú, je komunikácia vedená smerom zhora nadol, je v nej vysoká miera formalizácie, vysoký stupeň kontroly, využíva štandardizované postupy a metódy na realizáciu pracovného výkonu a nachádza sa v akejkoľvek strednej či väčšej firme. Byrokraticky riadená spoločnosť je už dlhodobo terčom kritiky, pretože nie je dostatočne flexibilná, nedokáže reagovať na zmenu, je príliš zviazaná vlastnými pravidlami a aj zamestnanci ju vnímajú ako obmedzujúci model riadenia, ktorý je pre nich nemotivujúci. Na druhej strane, byrokracia nesie v sebe množstvo pozitív, o ktorých sa však v praxi málo hovorí, no sú dôvodom, prečo byrokracia stále prežíva. Pohľad na históriu byrokracie, súčasný stav a možné perspektívy. 
610 2 0 |a byrokracia 
610 2 0 |a riadenie podľa kompetencií 
610 2 0 |a riadenie podnikové 
610 2 0 |a podnik 
610 2 0 |a história 
100 1 |a Skorková, Zuzana, 1979-